[Event "British KO-ch Pre 2019"]
[Site "London"]
[Date "2019.11.30"]
[Round "9.2"]
[White "Horton, Andrew P"]
[Black "Merry, Alan B"]
[Result "0-1"]
[WhiteElo "2378"]
[BlackElo "2426"]
[Annotator "TA"]
[PlyCount "82"]
[EventDate "2019.11.30"]
[EventType "k.o."]
[EventCountry "ENG"]
[SourceTitle "playchess.com"]
[Source "ChessBase"]
[SourceQuality "1"]

{[%evp 11,82,20,20,27,57,33,35,15,22,6,10,-12,0,0,-14,-35,-28,-32,-46,-56,-67,-63,-66,-97,-27,-85,-77,-82,-87,-154,-141,-165,-149,-321,-254,-267,-126,-247,-181,-165,-114,-111,-132,-83,-39,-50,42,-17,-19,-23,0,0,0,0,0,-30,0,-338,0,0,0,0,0,0,0,0,58,45,233,151,161,56,56]} 1. Nf3 b6 2. g3 Bb7 3. Bg2 g6 4. O-O Bg7 5. c4 c5 6. Nc3 Nc6 7. e3 {A37: Symmetrical English vs ...g6: 4 Bg2 Bg7 5 Nf3} Bxc3 8. dxc3 Nf6 9. Qc2 $146 ({Predecessor:} 9. Qe2 d6 10. e4 Qc7 11. Rd1 h6 12. Bf4 O-O-O 13. b4 g5 14. Bd2 Nd7 {½-½ (42) Le,T (2515)-Bauer,C (2646) Zuerich 2018}) 9... Qc7 10. b3 d6 11. Re1 h6 12. e4 Nd7 13. Nd2 g5 14. Nf1 O-O-O 15. Ne3 e6 16. Qe2 h5 17. h3 Nde5 (17... Rdg8 $17) 18. Nf1 (18. Nd5 $1 $11 {keeps the balance.} exd5 19. exd5) 18... f6 $17 19. f4 gxf4 20. gxf4 (20. Bxf4 $142 Ng6 21. Be3) 20... Ng6 21. Qf2 Nce7 22. Be3 $2 {[#]} (22. Ne3 $17) 22... Rhg8 23. Kh2 Rg7 (23... f5 $19 {is more deadly.} 24. Nd2 Rdf8) 24. Nd2 (24. Ng3 $17) 24... Kb8 25. Rg1 Rdg8 (25... d5 $19 {...d4! is the strong threat.} 26. exd5 exd5 27. cxd5 Nxd5 28. Bxd5 Rxd5) 26. Bh1 f5 27. Rg5 h4 28. Rag1 Qd8 (28... fxe4 $15 29. Bxe4 Qc8) 29. Qe1 (29. b4 $14) 29... fxe4 $11 30. Bxe4 Bxe4 31. Nxe4 Nf5 32. Bd2 Qf8 33. R1g2 e5 (33... d5 {is interesting.} 34. Nxc5 bxc5 35. Qxe6 Ng3 36. f5 Nf1+) 34. Qg1 $2 {[%mdl 8192] [#]} (34. Qf2 $11 {and White is okay.} Nxf4 35. Bxf4 exf4 36. Qxf4 Rxg5 37. Rxg5 Rxg5 38. Qxg5) 34... Nxf4 $2 (34... Ng3 $1 $19 35. Nxg3 hxg3+ 36. R5xg3 Nh4 37. Rxg7 Rxg7 38. Rxg7 Nf3+ {[%mdl 64] Double Attack} 39. Kh1 Nxg1 40. Rxg1 Qf5) 35. Bxf4 exf4 36. Rxg7 Rxg7 37. Rxg7 Nxg7 38. Qg5 f3 ({Black should try} 38... Ne6 $11 39. Qxh4 Qf5 40. Qh8+ Nf8) 39. Qxh4 $14 Kc7 $2 (39... Ne6 $14) 40. Kg1 Nf5 41. Qf4 (41. Qf6 $18 Qg8+ 42. Ng5) 41... Qg7+ {[%mdl 32768] Accuracy: White = 26%, Black = 50%. . Loss on time!?} 0-1

[Event "British KO-ch Pre 2019"]
[Site "London"]
[Date "2019.11.30"]
[Round "9.3"]
[White "Clarke, Brandon G I"]
[Black "Haria, Ravi"]
[Result "1-0"]
[WhiteElo "2431"]
[BlackElo "2451"]
[Annotator "RC"]
[PlyCount "101"]
[EventDate "2019.11.30"]
[EventType "k.o."]
[EventCountry "ENG"]
[SourceTitle "playchess.com"]
[Source "ChessBase"]
[SourceQuality "1"]
[TimeControl "600+5"]

1. e4 {[%emt 0:00:35]} e6 {[%emt 0:00:00]} 2. d4 {[%emt 0:00:01]} d5 {[%emt 0:00:00]} 3. Nc3 {[%emt 0:00:01]} dxe4 {[%emt 0:00:02]} 4. Nxe4 {[%emt 0:00:00]} Bd7 {[%emt 0:00:02]} 5. Nf3 {[%emt 0:00:01]} Bc6 {[%emt 0:00:00]} 6. Bd3 {[%emt 0:00:01]} Nd7 {[%emt 0:00:05]} 7. c3 {[%emt 0:00:02]} Bxe4 8. Bxe4 {[%emt 0:00:01]} c6 {[%emt 0:00:44]} 9. Bf4 {[%emt 0:00:27]} Ngf6 {[%emt 0:00:35]} 10. Bc2 {[%emt 0:00:05]} Be7 {[%emt 0:00:53]} 11. O-O {[%emt 0:00:08]} Qa5 {[%emt 0:00:09]} 12. Re1 {[%emt 0:00:19]} Qh5 {[%emt 0:00:17]} 13. Qd3 {[%emt 0:01:07]} O-O {[%emt 0:02:30]} 14. Ne5 {[%emt 0:00:01]} Rad8 {[%emt 0:00:32]} 15. h3 {[%emt 0:00:18]} Nd5 {[%emt 0:00:56]} 16. Bh2 {[%emt 0:00:41]} Rfe8 {[%emt 0:00:44]} 17. f4 {[%emt 0:01:08]} g6 {[%emt 0:00:44]} 18. g4 {[%emt 0:00:31]} Qh6 {[%emt 0:00:03]} 19. Qf3 {[%emt 0:01:03]} Nxe5 {[%emt 0:01:19]} 20. dxe5 {[%emt 0:01:23]} Bc5+ {[%emt 0:00:24]} 21. Kh1 {[%emt 0:00:23]} Bb6 {[%emt 0:00:39]} 22. Bb3 {[%emt 0:00:25]} Qh4 {[%emt 0:00:24]} 23. Re2 {[%emt 0:00:13]} Rd7 {[%emt 0:00:08]} 24. Bg3 {[%emt 0:00:06]} Qe7 {[%emt 0:00:12]} 25. Rf1 {[%emt 0:00:06]} Red8 {[%emt 0:00:12]} 26. f5 {[%emt 0:00:14]} Nc7 {[%emt 0:00:05]} 27. Qg2 {[%emt 0:01:00]} Nd5 {[%emt 0:00:12]} 28. Qe4 {[%emt 0:00:28]} Nc7 {[%emt 0:00:05]} 29. Bf4 {[%emt 0:00:31]} Rd3 {[%emt 0:00:11]} 30. Kg2 {[%emt 0:00:04]} Qh4 {[%emt 0:00:11]} 31. Rf3 {[%emt 0:00:03]} Rxf3 {[%emt 0:00:05]} 32. Qxf3 {[%emt 0:00:01]} Qe7 {[%emt 0:00:06]} 33. Kg3 {[%emt 0:00:42]} Nd5 {[%emt 0:00:02]} 34. Bc1 {[%emt 0:00:04]} Qc5 {[%emt 0:00:09]} 35. Re1 {[%emt 0:00:12]} Bc7 {[%emt 0:00:07]} 36. Kg2 {[%emt 0:00:09]} b5 {[%emt 0:00:03]} 37. h4 {[%emt 0:00:02]} Qe7 {[%emt 0:00:02]} 38. h5 {[%emt 0:00:02]} gxh5 {[%emt 0:00:11]} 39. f6 {[%emt 0:00:04]} Qc5 {[%emt 0:00:02]} 40. Bc2 {[%emt 0:00:10]} Kh8 {[%emt 0:00:08]} 41. Qe4 {[%emt 0:00:01]} Nxf6 {[%emt 0:00:06]} 42. exf6 {[%emt 0:00:01]} Qd5 {[%emt 0:00:11]} 43. Rh1 {[%emt 0:00:15]} Rg8 {[%emt 0:00:00]} 44. Qxd5 {[%emt 0:00:08]} cxd5 {[%emt 0:00:04]} 45. Rxh5 Rxg4+ {[%emt 0:00:01]} 46. Kf3 {[%emt 0:00:11]} Rg3+ {[%emt 0:00:05]} 47. Kf2 {[%emt 0:00:01]} Kg8 {[%emt 0:00:02]} 48. Bxh7+ {[%emt 0:00:03]} Kf8 {[%emt 0:00:04]} 49. Bd3 {[%emt 0:00:21]} a6 {[%emt 0:00:12]} 50. Rh8+ {[%emt 0:00:00]} Rg8 {[%emt 0:00:02]} 51. Bh6+ {[%emt 0:00:00]} 1-0

[Event "British KO-ch Pre 2019"]
[Site "London"]
[Date "2019.11.30"]
[Round "9.4"]
[White "Wadsworth, Matthew J"]
[Black "Taylor, Adam C"]
[Result "1/2-1/2"]
[WhiteElo "2401"]
[BlackElo "2371"]
[Annotator "TA"]
[PlyCount "88"]
[EventDate "2019.11.30"]
[EventType "k.o."]
[EventCountry "ENG"]
[SourceTitle "playchess.com"]
[Source "ChessBase"]
[SourceQuality "1"]

{[%evp 12,88,16,5,7,-2,4,0,7,-23,-27,-31,-26,-40,-17,-41,-14,-14,0,0,0,-7,0,-50,-47,-51,-10,-31,0,-4,-6,-23,0,0,0,0,0,0,0,0,0,0,0,0,0,0,8,8,8,8,8,8,8,8,8,8,8,8,8,8,8,8,8,8,8,8,8,7,7,0,0,0,0,0,0,0,8,0,8]} 1. Nf3 c5 2. g3 Nc6 3. Bg2 g6 4. c4 Bg7 5. Nc3 d6 6. O-O e6 7. a3 Nge7 {A37: Symmetrical English vs ...g6: 4 Bg2 Bg7 5 Nf3} 8. Rb1 b6 (8... O-O 9. b4 b6 10. e3 Bb7 11. Qb3 Rb8 12. Bb2 Qd7 13. d3 h6 14. Rfe1 g5 15. Ne2 e5 16. Rbd1 Ng6 17. d4 {0-1 (31) Hillarp Persson,T (2563)-Jones,G (2702) Malmo 2019}) 9. b4 Bb7 10. bxc5 dxc5 11. Bb2 O-O 12. d3 Qd7 13. Ne4 f5 $146 (13... e5 {is interesting.} 14. Nc3 Nd4 15. e4 f5 16. exf5 Nexf5 17. Nd5 Rae8) ({Predecessor:} 13... e5 14. Nc3 f5 15. Nd5 Nd4 16. e4 fxe4 17. dxe4 Ba6 18. Rc1 Nxd5 19. exd5 {0-1 (37) Hickl,N (1272)-Cimicki,D (1609) LSS email 2011}) 14. Bxg7 fxe4 15. Ne5 Nxe5 16. Bxe5 exd3 17. exd3 Bxg2 18. Kxg2 Nc6 19. Qe2 Rf5 20. Ba1 e5 21. Qe4 Raf8 22. Rbe1 {The position is equal.} Rf3 23. Re3 Rxe3 24. fxe3 Rxf1 25. Kxf1 {Strongly threatening Qd5+.} Qf5+ 26. Qxf5 gxf5 $11 {[%mdl 4096] Endgame KB-KN} 27. Bc3 Kf7 28. Ke2 h5 29. Kf3 Ke6 30. e4 a6 31. h3 b5 32. exf5+ Kxf5 33. g4+ hxg4+ 34. hxg4+ Ke6 35. cxb5 axb5 36. Ke4 b4 37. Bb2 bxa3 38. Bxa3 Nb4 39. g5 Nd5 40. Bxc5 Nc3+ 41. Ke3 Kf5 42. Bd6 Nd5+ 43. Kf3 Nc3 44. Be7 e4+ {Accuracy: White = 61%, Black = 62%.} 1/2-1/2

[Event "British KO-ch Pre 2019"]
[Site "London"]
[Date "2019.11.30"]
[Round "9.5"]
[White "Fernandez, Daniel Howard"]
[Black "Pein, Jonathan"]
[Result "1-0"]
[WhiteElo "2444"]
[BlackElo "2151"]
[Annotator "RC"]
[PlyCount "103"]
[EventDate "2019.11.30"]
[EventType "k.o."]
[EventCountry "ENG"]
[SourceTitle "playchess.com"]
[Source "ChessBase"]
[SourceQuality "1"]
[TimeControl "600+5"]

1. Nf3 {[%emt 0:00:12]} d6 {[%emt 0:00:08]} 2. c4 {[%emt 0:00:14]} g6 {[%emt 0:00:11]} 3. g3 {[%emt 0:00:47]} Bg7 {[%emt 0:00:42]} 4. Nc3 {[%emt 0:00:24]} Nf6 {[%emt 0:00:20]} 5. Bg2 {[%emt 0:00:57]} O-O {[%emt 0:01:04]} 6. O-O {[%emt 0:00:59]} Nc6 {[%emt 0:00:53]} 7. d3 {[%emt 0:00:31]} e5 {[%emt 0:00:34]} 8. Rb1 {[%emt 0:00:21]} a5 {[%emt 0:00:22]} 9. a3 {[%emt 0:00:26]} Re8 {[%emt 0:00:30]} 10. Bg5 {[%emt 0:00:53]} h6 {[%emt 0:00:44]} 11. Bxf6 {[%emt 0:00:27]} Qxf6 {[%emt 0:00:30]} 12. b4 {[%emt 0:00:40]} axb4 {[%emt 0:00:43]} 13. axb4 {[%emt 0:00:04]} Qd8 {[%emt 0:00:43]} 14. e3 {[%emt 0:00:27]} Bd7 {[%emt 0:00:41]} 15. Nd2 {[%emt 0:00:36]} Qc8 {[%emt 0:00:13]} 16. b5 {[%emt 0:00:41]} Ne7 {[%emt 0:00:19]} 17. Ra1 {[%emt 0:00:27]} Rxa1 18. Qxa1 {[%emt 0:00:03]} Bh3 {[%emt 0:01:03]} 19. Qa7 {[%emt 0:00:26]} Bxg2 {[%emt 0:00:27]} 20. Kxg2 {[%emt 0:00:04]} f5 {[%emt 0:00:08]} 21. Nd5 {[%emt 0:01:04]} g5 {[%emt 0:00:14]} 22. Nxe7+ {[%emt 0:00:15]} Rxe7 {[%emt 0:00:06]} 23. Ra1 {[%emt 0:00:27]} Re8 {[%emt 0:00:16]} 24. c5 {[%emt 0:00:17]} e4 {[%emt 0:00:15]} 25. Ra3 {[%emt 0:00:13]} Rf8 {[%emt 0:00:17]} 26. dxe4 {[%emt 0:00:06]} fxe4 {[%emt 0:00:04]} 27. Qa4 {[%emt 0:00:05]} Qf5 {[%emt 0:00:09]} 28. Nxe4 {[%emt 0:00:06]} Qf3+ {[%emt 0:00:10]} 29. Kf1 {[%emt 0:00:04]} d5 {[%emt 0:00:12]} 30. Qb3 {[%emt 0:00:06]} Qxe4 {[%emt 0:00:03]} 31. Ra2 {[%emt 0:00:02]} Kh8 {[%emt 0:00:06]} 32. c6 {[%emt 0:00:02]} bxc6 {[%emt 0:00:05]} 33. bxc6 {[%emt 0:00:02]} Qh1+ {[%emt 0:00:04]} 34. Ke2 {[%emt 0:00:02]} Qxh2 {[%emt 0:00:04]} 35. Kf1 {[%emt 0:00:01]} Qh1+ {[%emt 0:00:02]} 36. Ke2 {[%emt 0:00:01]} Qf3+ {[%emt 0:00:03]} 37. Kf1 {[%emt 0:00:03]} Qxg3 {[%emt 0:00:10]} 38. Qxd5 {[%emt 0:00:07]} Qxe3 {[%emt 0:00:06]} 39. Re2 {[%emt 0:00:06]} Qh3+ {[%emt 0:00:21]} 40. Kg1 {[%emt 0:00:04]} Qg4+ {[%emt 0:00:03]} 41. Kf1 {[%emt 0:00:06]} Ra8 {[%emt 0:00:04]} 42. Re1 {[%emt 0:00:06]} h5 {[%emt 0:00:12]} 43. Qf7 {[%emt 0:00:08]} h4 {[%emt 0:00:06]} 44. Qxc7 {[%emt 0:00:07]} h3 {[%emt 0:00:05]} 45. Qd7 {[%emt 0:00:06]} Qg2+ {[%emt 0:00:03]} 46. Ke2 {[%emt 0:00:02]} Ra2+ {[%emt 0:00:04]} 47. Kd3 {[%emt 0:00:05]} Qf3+ {[%emt 0:00:09]} 48. Re3 {[%emt 0:00:13]} Ra3+ {[%emt 0:00:02]} 49. Kc4 {[%emt 0:00:06]} Qf4+ {[%emt 0:00:06]} 50. Kb5 {[%emt 0:00:08]} Rxe3 {[%emt 0:00:08]} 51. fxe3 {[%emt 0:00:06]} Qb8+ 52. Kc4 {[%emt 0:00:10]} 1-0

[Event "British KO-ch Pre 2019"]
[Site "London"]
[Date "2019.11.30"]
[Round "9.6"]
[White "McPhillips, Joseph"]
[Black "Head, Louise"]
[Result "1/2-1/2"]
[WhiteElo "2434"]
[BlackElo "2100"]
[Annotator "TA"]
[PlyCount "132"]
[EventDate "2019.11.30"]
[EventType "k.o."]
[EventCountry "ENG"]
[SourceTitle "playchess.com"]
[Source "ChessBase"]
[SourceQuality "1"]

{[%evp 11,132,-3,21,0,22,22,27,40,104,104,108,77,101,95,97,87,237,91,213,34,89,41,68,79,64,43,77,43,58,8,20,-10,-9,0,-6,-19,0,12,43,43,43,48,45,8,40,29,42,-22,122,133,227,200,210,208,471,469,612,241,322,156,153,49,133,-24,-23,-233,-234,-366,-450,-416,-411,-607,-77,-582,8,8,8,8,10,10,12,0,102,119,907,364,390,95,837,835,822,822,29989,29990,29990,895,808,751,769,378,29990,29991,29993,5895,1099,6,1,-8,0,0,0,-8,-8,-8,-8,-8,0,0,0,-10,0,0,0]} 1. f4 d5 2. Nf3 g6 3. g3 Bg7 4. d3 c5 5. Bg2 Nc6 6. O-O d4 7. Nbd2 {A03: Bird's Opening with 1...d5} (7. c3 Nf6 8. e4 dxe3 9. Bxe3 Qd6 10. Na3 e6 11. Nc4 Qe7 12. Nfe5 Bd7 13. Nxc6 Bxc6 14. Bxc6+ bxc6 {0-1 (34) Muzychuk,A (2586)-Hou,Y (2606) Beijing 2012}) 7... Nf6 8. Nb3 Qb6 9. e4 {White has an edge.} dxe3 $146 (9... e5 $14) ({Predecessor:} 9... O-O 10. Re1 e5 11. Nxe5 Nxe5 12. fxe5 Ng4 13. Bf4 {½-½ (29) Bronsdijk,L-Frederiksen,H IECC email 1997}) 10. Bxe3 $16 Nd7 11. Nfd2 Qc7 12. c3 (12. Nxc5 Nxc5 13. Bxc5 Bxb2 $11) 12... b6 13. d4 $1 {[%cal Rd4d5] Hoping for d5.} Ba6 (13... Bb7 $16 {is a better defense.}) 14. Re1 (14. dxc5 Bxf1 15. Qxf1 bxc5 $11) (14. d5 $1 $18) 14... c4 (14... O-O $16) 15. Nc1 $2 (15. d5 $1 $18 {[%cal Rd5c6]} cxb3 16. dxc6) 15... Rc8 ({Better is} 15... O-O $1 $14) 16. Qa4 Ncb8 17. f5 b5 18. Qc2 O-O 19. Ne2 Bb7 20. Nf3 Nf6 21. Bf4 Qb6 22. fxg6 hxg6 23. Be5 Nbd7 {Strongly threatening ...Bxf3.} 24. Nf4 Nxe5 25. Nxe5 Bxg2 26. Qxg2 e6 27. Rf1 Rcd8 28. Rae1 Nd5 29. Kh1 ({White should try} 29. h4 $14) 29... g5 (29... b4 $11) 30. Nh5 $1 f5 (30... f6 $16) 31. Qd2 Qb7 {aiming for ...Nxc3+.} 32. Kg1 {Black must now prevent Ng6.} (32. Qxg5 Nxc3+ 33. Kg1 Nd5) 32... Bxe5 $2 (32... f4 33. Qg2 (33. gxf4 Nxf4 34. Nxf4 gxf4 $16) 33... b4 34. gxf4 (34. Nxc4 bxc3 35. bxc3 fxg3 $16) 34... bxc3) 33. Rxe5 $18 Qe7 {[#]} 34. Rfe1 $2 (34. Rxe6 $1 {[%mdl 512]} Qxe6 35. Qxg5+ Kf7 36. Rxf5+ Qxf5 37. Qxf5+ Ke7 38. Qe5+ Kf7 39. Qg7+ Ke6 40. Qxa7) 34... Nc7 {[#]} 35. g4 (35. h4 $1 $18 {[%mdl 512] is more deadly.}) 35... Rd5 $16 36. Ng3 (36. Rxd5 $16 Nxd5 37. Re5) 36... fxg4 (36... f4 $1 $14 37. Nh5 Qf7) 37. Rxd5 $2 (37. R5e4 $16) 37... Nxd5 $11 38. Re5 $2 (38. Qe2 $11 {and White is okay.}) 38... Nf4 $1 $19 39. Ne4 (39. Kh1 $142) 39... Nh3+ 40. Kg2 Qf7 {[%csl Gf8,Gg4][%cal Rf7f3]} 41. Nxg5 (41. Qd1 $142 a6 42. Rc5 (42. Kh1 $2 {gets mated.} Qf1+ 43. Qxf1 Rxf1+ 44. Kg2 Rg1#)) 41... Qf1+ 42. Kg3 Qg1+ $2 (42... Rf2 $19 43. Qe3 Rg2+ 44. Kh4 Rxh2) 43. Qg2 $11 Qxg2+ $1 44. Kxg2 {[%mdl 4096] Endgame KRN-KRN} Rf2+ 45. Kg3 Rxb2 46. Nxe6 a6 (46... Nf2 $11 {remains equal.}) 47. d5 $1 $16 {[%cal Rd5d6]} Rxa2 $2 {[%mdl 8192]} (47... b4 $16) 48. Kxg4 (48. d6 $142 {White wants to mate with d7.} Ra3 49. Re3) 48... Nf2+ 49. Kf5 $2 (49. Kg5 $1 $18 {and the rest is easy. Threatens to win with d6.} Nd3 50. Rf5 Rg2+ 51. Kf6) 49... Rd2 $2 {[%mdl 8192] [#]} (49... Nd3 $16 50. Re4 Rf2+ 51. Kg6 Rf7) 50. Kg6 $1 $18 {Intending Rf5 and mate.} Nd3 51. Rg5 Rf2 52. d6 Rf7 53. Rd5 (53. Rf5 $142 b4 54. d7 Ne5+ 55. Rxe5 Rxd7 56. Rf5 Rg7+ 57. Nxg7 b3 58. Ne6 Kh8 59. Rf8#) 53... Rd7 54. h4 a5 55. Kf6 (55. Rxb5 $142 {White threatens Rb8+ and mate.} Ne5+ 56. Rxe5 Rxd6 57. Kf5) 55... a4 $2 (55... Rf7+ $18 56. Kg6 Rd7 57. Rxb5 Ne5+ 58. Rxe5 Rxd6) 56. Rg5+ Kh8 57. Rxb5 (57. Nf8 $142 Rxd6+ 58. Kf7 Rf6+ 59. Kxf6 Ne5 60. Kxe5 b4 61. Kf6 b3 62. Kf7 b2 63. Rh5#) 57... Rxd6 {[#]} 58. Ke7 $2 ({Only move:} 58. Kf7 $1 $18 {[%cal Rb5h5]} Rd7+ 59. Kg6 Nf4+ 60. Nxf4 Rd6+ 61. Kf5) 58... Ra6 $11 {The position is equal.} 59. Ng5 Ra7+ (59... Kg8 $5 60. h5 $8 Nf4 $11) 60. Kf6 {[%cal Rb5b8]} Ra6+ 61. Ne6 Nf4 62. Rb8+ Kh7 63. Rb7+ $1 Kh8 64. Rb8+ Kh7 65. Rb7+ $1 Kh8 66. Rb8+ Kh7 {Accuracy: White = 36%, Black = 22%.} 1/2-1/2

[Event "British KO-ch Pre 2019"]
[Site "London"]
[Date "2019.11.30"]
[Round "9.7"]
[White "Toma, Katarzyna"]
[Black "Golding, Alex"]
[Result "1/2-1/2"]
[WhiteElo "2272"]
[BlackElo "2306"]
[Annotator "TA"]
[PlyCount "152"]
[EventDate "2019.11.30"]
[EventType "k.o."]
[EventCountry "ENG"]
[SourceTitle "playchess.com"]
[Source "ChessBase"]
[SourceQuality "1"]

{[%evp 14,152,56,41,42,12,54,66,63,31,58,24,24,24,34,33,29,35,23,35,42,40,36,0,6,0,7,0,0,0,0,0,14,0,0,-4,0,-6,-16,-21,-16,-16,-13,-39,-36,-64,0,0,0,0,25,23,33,0,0,0,0,0,0,0,0,0,0,0,0,0,0,0,0,0,0,0,0,0,0,0,0,0,0,0,0,0,0,0,0,0,0,0,0,0,0,0,0,0,0,0,0,0,0,0,0,0,0,0,0,0,0,0,0,0,0,0,0,0,0,0,0,0,0,0,0,0,0,0,0,0,0,0,0,0,0,0,0,0,0,0,0,0,0,0,0]} 1. e4 e6 2. d4 d5 3. Nc3 dxe4 4. Nxe4 Bd7 5. Nf3 Bc6 6. Bd3 Nd7 7. O-O Ngf6 8. Ned2 b6 {C10: French with 3 Nc3: Unusual Black 3rd moves and 3...dxe4} (8... Be7 9. Re1 b6 10. Nc4 Bb7 11. Nce5 O-O 12. Qe2 h6 13. Bf4 c5 14. Rad1 cxd4 15. Nxd4 Nxe5 16. Bxe5 Qd5 17. Qf1 {½-½ (73) Piorun,K (2653)-Duda,J (2724) Zgierz 2018}) 9. b3 Bd6 $146 ({Predecessor:} 9... a5 10. Bb2 a4 11. c4 Be7 12. Re1 O-O 13. Qc2 h6 14. Rad1 axb3 15. axb3 Bb4 16. Re3 {1-0 (38) Lawson,E (2369)-Scekic,M (2391) Schaumburg 2006}) 10. Nc4 O-O {White is slightly better.} 11. Nxd6 (11. Nfe5 {seems wilder.} Bd5 12. Nxd6 cxd6 13. Nxd7 Qxd7 14. Re1) 11... cxd6 12. Bf4 e5 {[%mdl 64] Decoy} 13. dxe5 dxe5 14. Nxe5 Nxe5 15. Bxe5 Qd5 {[%csl Gc6][%cal Rd5g2] [#]} 16. Qf3 $1 {[%mdl 512]} Qxf3 17. gxf3 Bxf3 18. Rfe1 Nd5 19. a3 Rfe8 20. h3 f6 21. Bg3 Nc3 22. Kf1 Be4 23. Re3 Bxd3+ 24. Rxd3 Ne4 25. Bf4 Rac8 26. c4 Nc5 27. Rc3 Rcd8 28. Be3 Ne4 29. Rc2 f5 (29... Rd3 $15 30. b4 {[#]} Ng3+ $1 {[%mdl 512]} 31. Kg1 Nf5) 30. b4 $11 g5 31. Re1 Rd3 32. Bxg5 Rxh3 {White must now prevent ...Rh1+.} 33. Kg2 {And now Rxe4 would win.} (33. Re3 $5 {[%cal Re3h3]} Rh1+ 34. Kg2 $11) 33... Rxa3 {The position is equal.} 34. c5 bxc5 35. bxc5 Rc8 36. Be3 Rc6 37. Rd1 Rc3 38. Rxc3 (38. Rb2 {feels hotter.} Nxc5 39. Rb8+ Kf7 40. Rh8 Rg6+ 41. Kf1) 38... Nxc3 {[%mdl 4096] Endgame KRB-KRN} 39. Rd8+ Kf7 40. Rd7+ Kg6 41. Rxa7 Nd5 42. Bd4 Nf4+ 43. Kf3 Ne6 $1 {[%csl LRc5,LRd4][%mdl 64] Double Attack} 44. Be3 Nxc5 45. Bxc5 Rxc5 {KR-KR} 46. Ra6+ Kg5 47. Ra8 Rc3+ 48. Kg2 Rc6 49. Rh8 h5 50. Ra8 f4 51. Rf8 Rf6 52. Rg8+ Rg6 (52... Kh4 {is interesting.} 53. Kf3 Rf7 54. Rg1 Rf8 55. Rg7 Rf5) 53. Rf8 Kg4 54. Rf7 Rg8 55. Rf6 Ra8 56. Rf7 Ra5 57. Rg7+ Rg5 58. Rf7 Rf5 59. Rg7+ Kh4 60. Kf3 Kh3 61. Rh7 h4 62. Rh8 Rf7 63. Rh6 Ra7 64. Kxf4 Ra4+ 65. Kg5 Rg4+ 66. Kf5 Rg2 67. f4 Kg3 68. Rg6+ Kh2 69. Rh6 h3 70. Ke6 Re2+ 71. Kf6 $1 Kg2 72. f5 h2 73. Kg7 h1=Q 74. Rxh1 Kxh1 75. f6 Rf2 76. f7 Rxf7+ {Accuracy: White = 68%, Black = 69%.} 1/2-1/2

[Event "British KO-ch Pre 2019"]
[Site "London"]
[Date "2019.11.30"]
[Round "9.8"]
[White "Kalaiyalahan, Akshaya"]
[Black "Willow, Jonah B"]
[Result "0-1"]
[WhiteElo "2154"]
[BlackElo "2345"]
[Annotator "TA"]
[PlyCount "91"]
[EventDate "2019.11.30"]
[EventType "k.o."]
[EventCountry "ENG"]
[SourceTitle "playchess.com"]
[Source "ChessBase"]
[SourceQuality "1"]

{[%evp 16,91,-13,-18,-18,-22,-16,-52,2,-40,-37,-31,-34,-41,-29,-63,-39,-60,-42,-94,-93,-96,-87,-87,-88,-93,-62,-56,-33,-58,-34,-41,-30,-38,0,0,0,-15,-21,-53,-53,-58,-69,-66,-15,-21,-16,-17,-22,-111,-5,-8,0,-11,0,-14,-6,-35,-35,-191,-201,-269,-286,-293,-253,-260,-243,-316,-341,-504,-493,-495,-495,-488,-470,-397,-455,-1339]} 1. Nf3 c5 2. g3 Nc6 3. Bg2 g6 4. O-O Bg7 5. c4 e6 6. Nc3 Nge7 7. d3 O-O 8. Rb1 ({Predecessor:} 8. Bf4 d5 9. Rb1 b6 10. cxd5 {½-½ (12) Gronn,A (2325)-Fossan,E (2335) Stavanger 1997}) 8... d5 9. cxd5 exd5 $146 {A37: Symmetrical English vs ...g6: 4 Bg2 Bg7 5 Nf3} (9... Nxd5 10. Bd2 b6 11. a3 a5 12. h4 h6 13. Nxd5 exd5 14. Qc1 Kh7 15. b4 axb4 16. axb4 Nd4 17. Nxd4 cxd4 {½-½ (27) Hjartarson,J (2540)-Meier,G (2630) chess.com INT 2017}) 10. Bf4 b6 11. Qd2 Bb7 (11... d4 $15 12. Ne4 Be6) 12. Bh6 d4 13. Bxg7 Kxg7 14. Nb5 Nd5 15. Na3 Ncb4 16. Ra1 Re8 (16... f6 {keeps more tension.} 17. Rfe1 Qd7 18. Nc4 Rad8 19. a3 Nc6) 17. Nc2 (17. Nc4 $15) 17... Nxc2 $17 18. Qxc2 Qd7 19. a3 a5 20. Rfe1 Rac8 21. Qd2 h6 22. Rad1 Nc7 23. e4 dxe3 24. fxe3 a4 25. Qc3+ f6 26. e4 Nb5 $36 {[%mdl 2048] White is under pressure.} 27. Qc2 Nd4 28. Nxd4 Qxd4+ 29. Qf2 Red8 ({Better is} 29... Qxf2+ $15 30. Kxf2 Rcd8) 30. e5 $11 {Strongly threatening exf6+.} Qxf2+ 31. Kxf2 Bxg2 32. Kxg2 {[#]} (32. exf6+ $11 Kxf6 33. Kxg2) 32... fxe5 (32... f5 $1 $17 33. Re3 Rd4) 33. Rxe5 {[%mdl 4096] Endgame KRR-KRR} Rd7 34. Re6 Rb8 35. Re4 b5 36. d4 Rbd8 {[%cal Rc5d4]} 37. Re5 $2 (37. Kf3 $15) 37... Rxd4 $19 38. Rf1 Rd2+ 39. Kh3 {[#]} h5 $1 ({Worse is} 39... Rxb2 40. Re7+ Kh8 41. Rff7 $11) 40. Rxc5 Rxb2 41. Rc7+ Kh6 42. Rff7 (42. Rb7 $142) 42... Rdd2 {[%csl Gb2][%cal Rd2h2]} 43. Rh7+ Kg5 {[%csl Gb2][%cal Rd2h2]} 44. Rc5+ Kf6 {[%csl Gb2][%cal Rd2h2]} 45. Rc6+ Ke5 {[%csl Gb2][%cal Rd2h2]} 46. Re7+ {Accuracy: White = 39%, Black = 49%.} (46. Kh4 $142 Rxh2+ 47. Kg5) 0-1